Posuny v sociálnych pojmoch v európskom priestore
Pojem sociálna kvalita. Faktory, ktoré vplývajú na sociálnu kvalitu. Nové prístupy k zaužívanému pojmu kvalita života a jeho meranie. Odlišnosti medzi pojmami sociálna kvalita a kvalita života. Index kvality života vytvorený EIU.
Salvato in:
| Autore principale: | |
|---|---|
| Natura: | Capitolo di libro |
| Lingua: | slovacco |
| Soggetti: | |
| Tags: |
Nessun Tag, puoi essere il primo ad aggiungerne!!
|
MARC
| LEADER | 00000naa$a2200000$$$4500 | ||
|---|---|---|---|
| 001 | 0051056 | ||
| 005 | 20231017065857.2 | ||
| 041 | 0 | |a slo | |
| 044 | |a CZ | ||
| 245 | 1 | 0 | |a Posuny v sociálnych pojmoch v európskom priestore |c Eva Macková |
| 520 | |a Pojem sociálna kvalita. Faktory, ktoré vplývajú na sociálnu kvalitu. Nové prístupy k zaužívanému pojmu kvalita života a jeho meranie. Odlišnosti medzi pojmami sociálna kvalita a kvalita života. Index kvality života vytvorený EIU. | ||
| 610 | 2 | 0 | |a pojmy |
| 610 | 2 | 0 | |a politika sociálna |
| 610 | 2 | 0 | |a kvalita života |
| 610 | 2 | 0 | |a blahobyt |
| 610 | 2 | 0 | |a konkurencieschopnosť |
| 610 | 2 | 0 | |a Európska únia |
| 100 | 1 | |a Macková, Eva | |